Statistics for Heineken Cup Pool Stage 2020-21

Click here to take the quiz!

General Stats

  • This quiz has been taken 3 times
  • The average score is 2 of 24

Answer Stats

HintAnswer% Correct
1Leinster
100%
10Bath
33%
5Munster
33%
6Ulster
33%
3Bordeaux Begles
0%
10Bristol Bears
0%
11Clermont Avergne
0%
7Connacht
0%
6Edinburgh
0%
9Exeter Chiefs
0%
12Glasgow Warriors
0%
8Gloucester
0%
3Harlequins
0%
4La Rochelle
0%
1Lyon
0%
11Montpellier
0%
12Newport Gwent Dragons
0%
9Northampton Saints
0%
2Racing 92
0%
8Sale Sharks
0%
5Scarlets
0%
7Toulon
0%
4Toulouse
0%
2Wasps
0%

Score Distribution

Percentile by Number Answered

Percent of People with Each Score

Your Score History

You have not taken this quiz